[Event "Copenhagen op16"]
[Site "Copenhagen"]
[Date "1994.??.??"]
[Round "2"]
[White "Jiretorn, Eva"]
[Black "Mortensen, Beatrix"]
[Result "0-1"]
[WhiteElo "2230"]
[BlackElo "2100"]

1.d4 Nf6 2.c4 g6 3.Nf3 Bg7 4.Nc3 d6 5.e4 O-O 6.Be2 e5 7.O-O Nc6 8.d5 Ne7
9.b4 Nd7 10.Ne1 f5 11.f3 f4 12.Nd3 h5 13.Bd2 g5 14.Be1 Nf6 15.Rc1 Ng6 16.Nf2 Rf7
17.c5 Bf8 18.Nb5 Rg7 19.Kh1 Nh8 20.Nd3 Ne8 21.Bf2 g4 22.Qe1 g3 23.hxg3 fxg3
24.Bxg3 Qg5 25.f4 exf4 26.Nxf4 Qxg3 27.Qxg3 Rxg3 28.Bxh5 a6 29.Bxe8 axb5
30.Nh5 Rg5 31.Nf6+ Kg7 32.Rc2 Be7 33.Nh5+ Kg8 34.cxd6 Bxd6 35.Nf6+ Kg7 36.Bxb5 Nf7
37.Ne8+ Kg8 38.Nxd6 Nxd6 39.Bd3 Ra3 40.Rd2 Nf7 41.Bc4 Nd6 42.Rc1 Re3 43.Bd3 Rg7
44.Bb1 Bg4 45.a4 Nxe4 46.Bxe4 Rxe4 47.Rb2 Rd4 48.b5 Rxd5 49.a5 Rh5+ 50.Kg1 Rgh7
51.Rc3 Rh1+ 52.Kf2 Rf7+ 53.Kg3 Rg7 54.Kf2 Ra1 55.b6 c6 56.Rc5 Be6 57.Re2 Bd5
58.Re8+ Kf7 59.Rc8 Rxg2+ 60.Ke3 Re1+ 61.Kd3 Be4+ 62.Kd4 Rd2+ 63.Ke5 Bd5+
64.Kd6 Re7 65.R8xc6 Bxc6+  0-1

[Event "Copenhagen op16"]
[Site "Copenhagen"]
[Date "1994.??.??"]
[Round "3"]
[White "Auchenberg, Per"]
[Black "Jiretorn, Eva"]
[Result "1/2-1/2"]
[WhiteElo "2160"]
[BlackElo "2230"]

1.d4 Nf6 2.c4 g6 3.Nc3 Bg7 4.e4 d6 5.Nf3 O-O 6.Be2 e5 7.O-O Nc6 8.d5 Ne7
9.Ne1 Ne8 10.f4 f5 11.Nd3 fxe4 12.Nxe4 c6 13.fxe5 Rxf1+ 14.Qxf1 dxe5 15.d6 Nxd6
16.Nf6+ Kh8 17.Nxe5 Nef5 18.Nfg4 Be6 19.Bd3 Qb6+ 20.Qf2 Qxf2+ 21.Kxf2 Rf8
22.Kg1 Nf7 23.Bf4 g5 24.Nxf7+ Rxf7 25.Be5 Rd7 26.Bxg7+ Kxg7 27.Nf2 h6 28.Re1 Nd4
29.b3 c5 30.Re3 b6 31.Kf1 Rf7 32.Ke1 Bd7 33.Be4 a5 34.Nd1 a4 35.Nc3 axb3
36.axb3 Be6 37.Na4 Re7 38.Kf2 Nxb3 39.Nxb6 Bf7 40.Bd5 Rxe3 41.Kxe3 Be8 42.Nc8 Kf6
43.Nd6 Bg6 44.Be4 Bh5 45.Nb7 Ke5 46.Bc2 Nd4 47.Ba4 Nf5+ 48.Kd3 Bg6 49.Kc3 Ne3
50.Nxc5 Nxg2 51.Nd7+ Kf4 52.c5 Ne3 53.Nf6 Bf5 54.c6 Ke5 55.Ng8 Nd5+ 56.Kd2 h5
57.Ke1 Be6 58.Nh6 Kf6 59.Bc2 g4 60.Be4 Nc7 61.Nxg4+ Bxg4 62.Kf2 h4 63.Ke3 Ke5
64.Bh1 Ne6 65.Bg2 Ng7 66.Bh1 Nf5+ 67.Kf2 Kf4 68.Bd5 Nd6 69.Kg1 Nb5 70.Kf2 Nc7
71.Bh1 Be6 72.Bf3 Bd5 73.Bxd5 Nxd5 74.Ke2 Kg4 75.Kf2 Kh3 76.Kg1 Kg4 77.Kf2 Nc7
78.Kg2 Ne6 79.Kf2 h3 80.Ke3 Nc7 81.Ke4 Ne6 82.Ke3 Nf4 83.Ke4 Ne6 84.Ke3 Kh4
85.Ke4 Kg5 86.Ke3 Nc7 87.Kf3 Kh4 88.Kf4 Ne6+ 89.Ke5  1/2-1/2

[Event "Copenhagen op16"]
[Site "Copenhagen"]
[Date "1994.??.??"]
[Round "10"]
[White "Hansen, Lars Bo"]
[Black "Danielsen, Henrik"]
[Result "1-0"]
[WhiteElo "2545"]
[BlackElo "2480"]

1.d4 Nf6 2.Nf3 g6 3.c4 Bg7 4.Nc3 O-O 5.e4 d6 6.Be2 e5 7.O-O Nc6 8.d5 Ne7
9.b4 a5 10.Ba3 axb4 11.Bxb4 Nd7 12.a4 Bh6 13.a5 f5 14.Bd3 Kh8 15.Qb1 Rf6
16.Na4 Qg8 17.Rd1 c5 18.dxc6 Nxc6 19.Bc3 fxe4 20.Bxe4 Qxc4 21.a6 Rxa6 22.Bd3 Qg8
23.Bxa6 bxa6 24.Nb6 Nxb6 25.Qxb6 Qe8 26.Qc7 Bf8 27.Ng5 Qd7 28.Qxd7 Bxd7 29.Rxa6 Rf4
30.Ne6 Bxe6 31.Rxc6 Bf5 32.Ra1 Kg8 33.Rc7 h6 34.h3 g5 35.Ra8 Bd3 36.Rd7 Bb5
37.Rxd6  1-0

[Event "Cordoba op"]
[Site "Cordoba"]
[Date "1994.??.??"]
[Round "5"]
[White "Komarov, Dimitri"]
[Black "Komljenovic, Davor"]
[Result "1-0"]
[WhiteElo "2565"]
[BlackElo "2465"]

1.Nf3 Nf6 2.c4 g6 3.Nc3 Bg7 4.e4 d6 5.d4 O-O 6.Be2 e5 7.O-O Nc6 8.Be3 Re8
9.dxe5 dxe5 10.c5 Bg4 11.Qxd8 Raxd8 12.h3 Bxf3 13.Bxf3 Nd4 14.Bd1 c6 15.b4 a5
16.a3 Ra8 17.Ba4 axb4 18.axb4 Ra7 19.Ra2 Rea8 20.Rfa1 Ra6 21.f3 Nh5 22.Bd1 Rxa2
23.Rxa2 Rxa2 24.Nxa2 Nf4 25.Kf1 Bf6 26.g3 Nfe6 27.h4 h5 28.Nc1 g5 29.hxg5 Bxg5
30.Bxg5 Nxg5 31.Kf2 f5 32.Ke3 fxe4 33.fxe4 Kg7 34.Nd3 Kf6 35.Bxh5 Nc2+ 36.Kd2 Nxb4
37.Nxb4 Nxe4+ 38.Ke3 Nxc5 39.Bg4 Nb3 40.Bc8 Na5 41.Kf3 Kg5 42.Nd3 Nc4 43.Nc5 b6
44.Ne4+ Kg6 45.g4 Na3 46.Bf5+ Kg7 47.g5 Nc4 48.Ng3 Nd6 49.Kg4 c5 50.Nh5+ Kf8
51.g6 Ne8 52.Bd3 Nd6 53.g7+ Kg8 54.Bf5 Nxf5 55.Kxf5 Kf7 56.Kg5 c4 57.Kh6 c3
58.Kh7  1-0

[Event "CZE-ch"]
[Site "?"]
[Date "1994.??.??"]
[Round "11"]
[White "Stocek, Jiri"]
[Black "Trapl, Jindrich"]
[Result "1-0"]
[WhiteElo "2305"]
[BlackElo "2375"]

1.d4 Nf6 2.c4 g6 3.Nc3 Bg7 4.e4 d6 5.Be2 O-O 6.Nf3 e5 7.O-O Nc6 8.d5 Ne7
9.Ne1 Ne8 10.Be3 f5 11.f3 f4 12.Bf2 g5 13.c5 Rf6 14.cxd6 Nxd6 15.Nd3 Rg6
16.g4 h5 17.h3 Rh6 18.Qb3 Ng6 19.Kg2 hxg4 20.hxg4 Nh4+ 21.Bxh4 gxh4 22.Rh1 h3+
23.Rxh3 Rxh3 24.Kxh3 Qf6 25.Nf2 Bf8 26.Kg2 Nf7 27.Qc4 Kg7 28.Rh1 a6 29.Qxc7 b5
30.Nd3 Bd6 31.Qb6 Rb8 32.Qa7 Rb7 33.Qxa6 Rc7 34.Qxb5 Bd7 35.Qb6 Ng5 36.Rh5 Bxg4
37.Rxg5+ Qxg5 38.fxg4 Qh6 39.Bf3 Kg8 40.Qb8+ Kg7 41.Qd8 Rf7 42.Nb5 Be7 43.Qa5 Kg8
44.d6 Rh7 45.Nf2 Qh2+ 46.Kf1 Bh4 47.Qd2 Qg3 48.Qe2 Bd8 49.Bg2 Bb6 50.Qf3 Rf7
51.Nh3 Qh4 52.g5 Bc5 53.Ke2 Rb7 54.a4 Bxd6 55.Qb3+ Kg7 56.Qe6 Qg3 57.Bf3 Bb8
58.Qg4  1-0

[Event "CZE-chT"]
[Site "?"]
[Date "1994.??.??"]
[Round "?"]
[White "Firt, Stanislav"]
[Black "Oral, Tomas"]
[Result "1/2-1/2"]
[WhiteElo "2380"]
[BlackElo "2375"]

1.d4 Nf6 2.c4 g6 3.Nc3 Bg7 4.e4 O-O 5.Be2 d6 6.Nf3 e5 7.O-O Nc6 8.d5 Ne7
9.Ne1 Nd7 10.Nd3 f5 11.exf5 gxf5 12.f4 Ng6 13.Be3 Qe7 14.Qd2 Nf6 15.fxe5 Nxe5
16.Nf4 Bd7 17.Rae1 Rae8 18.Nb5 Ng6 19.Bd3 Bxb5 20.cxb5 Nxf4 21.Bxf4 Ne4 22.Qc2 Bd4+
23.Kh1 Qg7 24.Re2 Be5 25.g3 Bxf4 26.Rxf4 Re5 27.Bxe4 fxe4 28.Rfxe4 Qf7 29.h4 Qxd5
30.Kh2 Qxb5 31.a4 Qd5 32.Rxe5 dxe5 33.Qxc7 Rf1 34.Rg2 e4 35.Qb8+ Kg7 36.Qxa7 Qd1
37.Qxb7+ Kg8 38.Qb8+ Kg7 39.Qc7+ Kg8 40.Qc4+ Kf8 41.Qc5+ Kg8 42.Qc4+ Kg7
43.Qc7+  1/2-1/2

[Event "Djakovo op"]
[Site "Djakovo"]
[Date "1994.??.??"]
[Round "6"]
[White "Cebalo, Miso"]
[Black "Kutuzovic, Branko"]
[Result "1-0"]
[WhiteElo "2520"]
[BlackElo "2365"]

1.d4 Nf6 2.Nf3 g6 3.c4 Bg7 4.Nc3 O-O 5.e4 d6 6.Be2 e5 7.O-O Nc6 8.Be3 Ng4
9.Bg5 f6 10.Bc1 Nxd4 11.Nxd4 exd4 12.Qxd4 Be6 13.Qd1 f5 14.exf5 gxf5 15.Nd5 c6
16.Nf4 Qd7 17.h3 Ne5 18.Qc2 Qf7 19.Nxe6 Qxe6 20.f4 Nd7 21.Bd3 Nc5 22.Bd2 Bd4+
23.Kh2 Qf6 24.Rab1 Rae8 25.b4 Ne4 26.Rb3 Kh8 27.Bc1 b6 28.Be2 c5 29.a3 Rg8
30.Bb2 Ng3 31.Rxg3 Bxb2 32.Rxg8+ Rxg8 33.Bd3 Bxa3 34.b5 Rf8 35.Qa4 Qc3 36.Rf3 Bc1
37.Qxa7 Qd4 38.Qxb6 Bxf4+ 39.Kh1 Be5 40.Qa7 d5 41.Qe7 Bg7 42.b6 dxc4 43.b7 Rb8
44.Re3 Qd5 45.Qe8+ Qg8 46.Qxg8+ Kxg8 47.Bxc4+ Kf8 48.Bd5 c4 49.Rf3 Ke7 50.Rxf5 Bf6
51.Be4 h6 52.Rc5 c3 53.g4 Bd4 54.Rc8 Be5 55.Kg2 Kf6 56.h4 Kg7 57.Kf3 Kf6
58.Ke3 Ke7 59.Kd3 Kf6 60.Kc2 Ke7 61.Kb3 Kf6 62.Rc6+  1-0

[Event "Dresden op"]
[Site "Dresden"]
[Date "1994.??.??"]
[Round "?"]
[White "Gleizerov, Evgeny"]
[Black "Kaminski, Uwe"]
[Result "1-0"]
[WhiteElo "2520"]
[BlackElo "2390"]

1.d4 Nf6 2.c4 g6 3.Nc3 Bg7 4.e4 d6 5.Nf3 O-O 6.Be2 e5 7.O-O Nc6 8.d5 Ne7
9.Nd2 a5 10.a3 Nd7 11.Rb1 f5 12.b4 Kh8 13.Qc2 b6 14.f3 Ng8 15.exf5 gxf5 16.f4 Nh6
17.Nf3 Qe7 18.Nb5 Nf6 19.bxa5 bxa5 20.a4 exf4 21.Bxf4 Nhg4 22.Rbe1 Ne4 23.Bd3 Ne5
24.Bxe4 fxe4 25.Nxe5 dxe5 26.Qxe4 Bf5 27.Qe3 Rae8 28.c5 Bg6 29.Bg5 Qd7 30.Rxf8+ Rxf8
31.Bh6 Bxh6 32.Qxh6 Kg8 33.Qd2 e4 34.h3 Re8 35.Qd4 e3 36.Rxe3 Rxe3 37.Qxe3 Qxd5
38.Nxc7 Qd1+ 39.Kh2 Qxa4 40.Nd5 Kg7 41.Qe5+ Kh6 42.Ne3 Be8 43.Ng4+  1-0

[Event "Dresden op"]
[Site "Dresden"]
[Date "1994.??.??"]
[Round "?"]
[White "Gleizerov, Evgeny"]
[Black "Uhlmann, Wolfgang"]
[Result "1/2-1/2"]
[WhiteElo "2520"]
[BlackElo "2465"]

1.d4 Nf6 2.c4 g6 3.Nc3 Bg7 4.e4 d6 5.Nf3 O-O 6.Be2 e5 7.O-O Nc6 8.d5 Ne7
9.Nd2 a5 10.a3 Bd7 11.b3 c6 12.Rb1 b5 13.dxc6 b4 14.Nd5 Nxc6 15.Bb2  1/2-1/2

[Event "Eger"]
[Site "Eger"]
[Date "1994.??.??"]
[Round "7"]
[White "Schmitt, Andre"]
[Black "Ricci, Marco"]
[Result "1/2-1/2"]
[WhiteElo "2285"]
[BlackElo "2320"]

1.Nf3 Nf6 2.c4 g6 3.Nc3 Bg7 4.e4 d6 5.d4 O-O 6.Be2 e5 7.O-O Nc6 8.d5 Ne7
9.Ne1 Nd7 10.Be3 f5 11.f3 Rf7 12.a4 a5 13.Nd3 b6 14.Nb5 Nc5 15.Nxc5 bxc5
16.Qe1 c6 17.Na3 f4 18.Bf2 Qb6 19.Rb1 Bd7 20.Qd1 Bf8 21.Be1 g5 22.g4 Be8
23.h4 Rg7 24.h5 h6 25.Bc3 Kh7 26.Ra1 Nc8 27.Kg2 Ra6 28.Nb1 Rga7 29.Nd2 Ne7
30.Ra3 Qb8 31.Nb3 Qc7 32.Nxc5 dxc5 33.d6 Qd7 34.dxe7 Qxe7 35.Rb3 Rd7 36.Qe1 Bg7
37.Rb8 Rd8 38.Rxd8 Qxd8 39.Qf2 Qe7 40.Rd1 Ra8 41.Qe1 Qc7 42.Qd2 Bf8 43.Qc2 Be7
44.Rd3 Bf7 45.Qd2 Be6 46.Bd1 Ra7 47.b3 Kg7 48.Bc2 Kf6 49.Bb1 Ra8 50.Qc2 Rb8
51.Rd5 Bd6 52.Bxa5 Qxa5 53.Rxd6 Rd8 54.Qd3 Ke7 55.Rxd8 Qxd8 56.Kf2 Qd4+ 57.Qxd4 cxd4
58.Bd3 c5 59.Ke2 Kd6 60.Kd2 Kc6 61.Bc2  1/2-1/2

[Event "Espoo We MatSK"]
[Site "Espoo"]
[Date "1994.??.??"]
[Round "?"]
[White "Paasikangas, Johanna"]
[Black "Hartikainen, Markku"]
[Result "0-1"]
[WhiteElo "2155"]
[BlackElo "2235"]

1.d4 Nf6 2.c4 g6 3.Nc3 Bg7 4.e4 O-O 5.Nf3 d6 6.Be2 e5 7.O-O Nc6 8.d5 Ne7
9.b4 Nh5 10.g3 f5 11.Ng5 Nf6 12.f3 f4 13.g4 Kh8 14.a4 Neg8 15.Nh3 h5 16.Nf2 hxg4
17.fxg4 Nh7 18.Qd3 Bf6 19.c5 Bh4 20.Kh1 Rf7 21.cxd6 cxd6 22.Ncd1 Ng5 23.Nh3 Nxh3
24.Qxh3 Rh7 25.Qg2 Bg3 26.h3 Qh4 27.Nf2 Bxf2 28.Rxf2 Qxh3+ 29.Kg1 Nf6 30.Rxf4 exf4
31.Bb2 Kg7  0-1

[Event "EUCup Gr1"]
[Site "Eupen"]
[Date "1994.??.??"]
[Round "?"]
[White "Tsesarsky, Ilya"]
[Black "Belotti, Bruno"]
[Result "0-1"]
[WhiteElo "2440"]
[BlackElo "2455"]

1.Nf3 Nf6 2.c4 g6 3.Nc3 Bg7 4.e4 d6 5.d4 O-O 6.Be2 e5 7.O-O Nc6 8.d5 Ne7
9.Ne1 Nd7 10.Nd3 f5 11.Bd2 Nf6 12.f3 f4 13.c5 g5 14.cxd6 cxd6 15.Nf2 h5 16.h3 Ng6
17.a4 Rf7 18.Nb5 Ne8 19.Rc1 Bf6 20.Rc3 Bd7 21.Qb3 Qb8 22.a5 Bd8 23.Rc4 Nh4
24.Ra1 a6 25.Na3 Qa7 26.Rb4 Rb8 27.Nc4 Bb5 28.Kf1 Rg7 29.Rc1 Rc8 30.Rc3 Kh7
31.Qd1 Rc5 32.Nd3 Bxc4 33.Rbxc4 Rxc4 34.Rxc4 Nf6 35.Rc8 g4 36.hxg4 hxg4 37.Rxd8 Nh5
38.Be1 Nxg2 39.Bf2 Ne3+ 40.Ke1 g3 41.Bg1 b5 42.Qc1 Rc7 43.Qb1 Nc2+ 44.Kd2 Ne3
45.Ke1 Nc2+ 46.Kf1 g2+ 47.Kxg2 Rg7+  0-1

[Event "Eupen op act"]
[Site "Eupen"]
[Date "1994.??.??"]
[Round "3"]
[White "Gofshtein, Leonid D"]
[Black "Matthaei, Alexander"]
[Result "0-1"]
[WhiteElo "2525"]
[BlackElo "2295"]

1.d4 Nf6 2.c4 g6 3.Nc3 Bg7 4.e4 d6 5.Nf3 O-O 6.Be2 e5 7.O-O Nc6 8.d5 Ne7
9.Bg5 h6 10.Bxf6 Bxf6 11.b4 Kg7 12.Rc1 Ng8 13.c5 Be7 14.c6 b6 15.a4 a6 16.Bd3 f5
17.exf5 gxf5 18.Bb1 Bf6 19.Ne2 Qe8 20.h3 Ne7 21.Nh2 Qf7 22.Ba2 Ng6 23.f4 exf4
24.Kh1 Re8 25.Nd4 Re4 26.Nhf3 Bxd4 27.Nxd4 Qf6 28.Nf3 Rxb4 29.Bb1 a5 30.Re1 Ne5
31.Rc2 Ba6 32.Nd4 Bd3 33.Ne6+ Kh7 34.Rc1 Be4 35.Rf1 f3 36.Bxe4 fxe4 37.Qc2 Rg8
38.gxf3 Nxf3  0-1

[Event "Finkenstein op"]
[Site "Finkenstein"]
[Date "1994.??.??"]
[Round "?"]
[White "Koch, Wolfgang Max"]
[Black "Grilc, Andrej"]
[Result "1-0"]
[WhiteElo "2310"]
[BlackElo "2015"]

1.d4 Nf6 2.Nf3 g6 3.c4 Bg7 4.Nc3 O-O 5.e4 d6 6.Be2 e5 7.O-O Nc6 8.d5 Ne7
9.Nd2 a5 10.a3 Nd7 11.Rb1 f5 12.b4 axb4 13.axb4 Nf6 14.c5 f4 15.Nc4 g5 16.f3 h5
17.Ba3 g4 18.b5 Rxa3 19.Nxa3 g3 20.h3 Ng6 21.Re1 Nh7 22.Bf1 Qh4 23.Qe2 Ng5
24.Nc4 Bxh3 25.gxh3 Nxh3+ 26.Bxh3 Qxh3 27.Qg2 Qc8 28.Qh1 Bf6 29.Qxh5 Nh4
30.Re2 dxc5 31.d6 cxd6 32.Nd5 Qh3 33.Rbb2 Bg7 34.Ne7+  1-0

[Event "Finkenstein op"]
[Site "Finkenstein"]
[Date "1994.??.??"]
[Round "?"]
[White "Koch, Wolfgang Max"]
[Black "Bergen, Peter"]
[Result "1-0"]
[WhiteElo "2310"]
[BlackElo "2185"]

1.d4 Nf6 2.Nf3 g6 3.c4 Bg7 4.Nc3 d6 5.e4 O-O 6.Be2 e5 7.O-O Nc6 8.d5 Ne7
9.Nd2 a5 10.a3 Nd7 11.Rb1 f5 12.b4 Kh8 13.Qc2 Ng8 14.Bd3 axb4 15.axb4 Ngf6
16.c5 Nh5 17.Nc4 Nf4 18.f3 Nf6 19.Be3 fxe4 20.Bxe4 Bf5 21.Bxf5 N4xd5 22.Nxd5 Nxd5
23.Be4  1-0

[Event "Finkenstein op"]
[Site "Finkenstein"]
[Date "1994.??.??"]
[Round "?"]
[White "Koch, Wolfgang Max"]
[Black "Kraschl, Joerg"]
[Result "1/2-1/2"]
[WhiteElo "2310"]
[BlackElo "2215"]

1.d4 Nf6 2.Nf3 g6 3.c4 Bg7 4.Nc3 O-O 5.e4 d6 6.Be2 e5 7.O-O Nc6 8.d5 Ne7
9.Nd2 a5 10.a3 Nd7 11.Rb1 f5 12.b4 Kh8 13.Qc2 Bh6 14.bxa5 Nc5 15.Nb3 Bxc1
16.Nxc5 Bxa3 17.Nxb7 Bxb7 18.Rxb7 Rxa5 19.Ra1 Bb4 20.Rxa5 Bxa5 21.Na4 fxe4
22.Qxe4 Qa8 23.Rb1 Be1 24.Rxe1 Qxa4 25.g3 Nf5 26.Bg4 Qa7 27.Bxf5 Rxf5 28.Qe3 Qa2
29.Qe2 Qxe2 30.Rxe2 Rf3 31.Rc2 Rd3 32.Kf1 Kg7 33.Ke2 Ra3 34.h4 Kf6 35.Rb2 Rc3
36.Rb4 e4 37.Kd2 Rd3+ 38.Ke2  1/2-1/2

[Event "Formia op"]
[Site "Formia"]
[Date "1994.??.??"]
[Round "4"]
[White "Iashvili, Akaki"]
[Black "Loncar, Robert"]
[Result "1-0"]
[WhiteElo "2425"]
[BlackElo "2430"]

1.d4 Nf6 2.c4 g6 3.Nc3 Bg7 4.e4 d6 5.Nf3 O-O 6.Be2 e5 7.O-O Nc6 8.d5 Ne7
9.Ne1 Nd7 10.Be3 f5 11.f3 f4 12.Bf2 g5 13.a4 Nf6 14.c5 Ng6 15.a5 h5 16.cxd6 cxd6
17.Nb5 g4 18.Bxa7 g3 19.Bb6 Qe7 20.Nc7 Nh7 21.Ne6 Qh4 22.h3 Ng5 23.Bc4 Bd7
24.b4 Rfc8 25.Qb3 Nf8 26.Nxg5 Qxg5 27.Nd3 Qh4 28.Rfc1 Nh7 29.Ne1 Bf6 30.Bf1 Bd8
31.Rxc8 Rxc8 32.Bxd8 Qxd8 33.b5 Rc5 34.b6 Nf8 35.a6 Bb5 36.a7 Qxb6 37.Kh1  1-0

[Event "FRA-chT "]
[Site "FRA"]
[Date "1994.??.??"]
[Round "8"]
[White "Moret, Vincent"]
[Black "Deschler, Fabrice"]
[Result "1-0"]
[WhiteElo "2120"]
[BlackElo "2010"]

1.Nf3 Nf6 2.c4 g6 3.Nc3 Bg7 4.e4 d6 5.d4 O-O 6.Be2 e5 7.O-O Nc6 8.d5 Ne7
9.Nd2 a5 10.Rb1 Nd7 11.a3 f5 12.b4 axb4 13.axb4 Kh8 14.Qc2 Ng8 15.f3 f4 16.Nb5 Ndf6
17.c5 Ne8 18.Bb2 h5 19.Ra1 Rb8 20.Rfc1 Rf7 21.Nc4 g5 22.Na7 Bd7 23.b5 g4
24.b6 cxb6 25.cxd6 Qg5 26.Nxb6 h4 27.Nxd7 Rxd7 28.fxg4 Nxd6 29.h3 Nf6 30.Bf3 Re8
31.Qd3 Qg6 32.Ra4 Ree7 33.Ba3 Nfe8 34.Nb5 Rf7 35.Ra8 Kh7 36.Bc5 Nxb5 37.Rxe8 Nd4
38.Bxd4 Rxd5 39.Qb3 Rxd4 40.Re6 Rf6 41.Rxe5 Rb6 42.Rh5+ Qxh5 43.Qxb6 Qf7
44.Kh2 Rd7 45.Qb5 Bd4 46.e5 Bf2 47.e6 Qxe6 48.Be4+ Kg7 49.Bf5 Rd5 50.Qb2+ Bd4
51.Bxe6 Bxb2 52.Rc7+  1-0

[Event "FRA-chT "]
[Site "FRA"]
[Date "1994.??.??"]
[Round "8"]
[White "Herb, Pascal"]
[Black "Eliet, Nicolas"]
[Result "1-0"]
[WhiteElo "2365"]
[BlackElo "2285"]

1.d4 Nf6 2.Nf3 g6 3.c4 Bg7 4.Nc3 O-O 5.e4 d6 6.Be2 e5 7.O-O Nc6 8.d5 Ne7
9.Re1 Nd7 10.Bf1 h6 11.b4 a5 12.bxa5 Rxa5 13.a4 f5 14.Nd2 Nf6 15.Ba3 fxe4
16.Ndxe4 Nxe4 17.Nxe4 b6 18.Bb4 Ra7 19.a5 bxa5 20.Rxa5 Rb7 21.Rb5 Rxb5 22.cxb5 Nf5
23.Qc2 Bb7 24.Qc4 Rf7 25.Qa2 h5 26.Bc4 Bh6 27.Qa3 Nd4 28.Qd3 Bf8 29.Bd2 Be7
30.Ra1 Bc8 31.Ra8 Kg7 32.Qe3 Nf5 33.Qh3 Qd7 34.Ra7 Qd8 35.Qc3 Nd4 36.Bf1 Bf8
37.Bg5 Qd7 38.b6 Qg4 39.Rxc7 Bd7 40.h3 Qd1 41.Qd3  1-0

[Event "Frydek-Mistek op"]
[Site "Frydek-Mistek"]
[Date "1994.??.??"]
[Round "?"]
[White "Stocek, Jiri"]
[Black "Dydyshko, Viacheslav"]
[Result "1-0"]
[WhiteElo "2350"]
[BlackElo "2510"]

1.d4 Nf6 2.c4 g6 3.Nc3 Bg7 4.e4 d6 5.Be2 O-O 6.Nf3 e5 7.O-O Nc6 8.d5 Ne7
9.Ne1 Ne8 10.Nd3 f5 11.exf5 Nxf5 12.Ne4 Nd4 13.Be3 Nf6 14.Nxf6+ Qxf6 15.Bxd4 exd4
16.Bg4 Re8 17.Bxc8 Raxc8 18.Qd2 Qf5 19.Rae1 Bh6 20.Qd1 Kf8 21.Rxe8+ Rxe8
22.Re1 Bg7 23.Rxe8+ Kxe8 24.Qe2+ Kd7 25.g4 Qf7 26.f4 b5 27.b3 bxc4 28.bxc4 c6
29.Qb2 Kc7 30.Qa3 Kc8 31.Qxd6 cxd5 32.Qc6+ Qc7 33.Qxd5 Bf8 34.Qa8+ Qb8 35.Qxb8+ Kxb8
36.Kg2 Kb7 37.Kf3 Kc6 38.Ke4 Bg7 39.Nc1 Kc5 40.Kd3 Kb4 41.Nb3  1-0

[Event "Frydek-Mistek op"]
[Site "Frydek-Mistek"]
[Date "1994.??.??"]
[Round "?"]
[White "Zagorskis, Darius"]
[Black "Dydyshko, Viacheslav"]
[Result "1-0"]
[WhiteElo "2485"]
[BlackElo "2510"]

1.d4 Nf6 2.c4 g6 3.Nc3 Bg7 4.e4 d6 5.Nf3 O-O 6.Be2 e5 7.O-O Nc6 8.d5 Ne7
9.b4 a5 10.Ba3 Nd7 11.bxa5 Rxa5 12.Bb4 Ra8 13.a4 Bh6 14.Qb3 Kh8 15.a5 f5
16.Qa3 Ng8 17.c5 dxc5 18.Bxc5 Nxc5 19.Qxc5 fxe4 20.Nxe4 Nf6 21.Nxf6 Qxf6
22.Ra4 Qd6 23.Qxd6 cxd6 24.Rb1 Ra7 25.Rb6 Rd8 26.h4 Kg7 27.Ng5 Bxg5 28.hxg5 h6
29.Rc4 Rxa5 30.Rc7+ Kh8 31.gxh6 Rxd5 32.Bf3 Rd4  1-0

[Event "Gausdal Int"]
[Site "Gausdal"]
[Date "1994.??.??"]
[Round "3"]
[White "Titzhoff, Frank"]
[Black "Dannevig, Oystein"]
[Result "0-1"]
[WhiteElo "2155"]
[BlackElo "2290"]

1.d4 Nf6 2.c4 g6 3.Nc3 Bg7 4.e4 d6 5.Be2 O-O 6.Nf3 e5 7.O-O Nc6 8.d5 Ne7
9.Ne1 Nd7 10.Nd3 f5 11.Bd2 Nf6 12.f3 f4 13.g4 g5 14.c5 h5 15.cxd6 cxd6 16.h3 Rf7
17.Kg2 Bf8 18.Be1 Bd7 19.Rc1 Ng6 20.Rh1 Be7 21.Qb3 Qb8 22.Bf2 Bd8 23.a4 Nh4+
24.Bxh4 gxh4 25.Nf2 Bb6 26.Ncd1 Rg7 27.Kh2 Qd8 28.Rg1 hxg4 29.fxg4 Rc8 30.Rc4 Nh7
31.Bf3 Ng5 32.Kg2 Be8 33.Re1 Rgc7 34.Rxc7 Qxc7 35.Nc3 Bxf2 36.Kxf2 Nxh3+
37.Kg2 Ng5 38.Qd1 h3+ 39.Kh2 Qh7 40.Rg1 Rc4 41.Qe2 Rd4 42.Kh1 a6 43.b3 Bg6
44.Rc1 Qh4 45.Rg1 b6 46.Qxa6  0-1

[Event "Geneve op"]
[Site "Geneve"]
[Date "1994.??.??"]
[Round "3"]
[White "Zueger, Beat"]
[Black "Werner, Bernd Michael"]
[Result "1-0"]
[WhiteElo "2425"]
[BlackElo "2220"]

1.c4 Nf6 2.Nf3 g6 3.Nc3 Bg7 4.e4 d6 5.d4 O-O 6.Be2 e5 7.O-O Nc6 8.d5 Ne7
9.Ne1 Ne8 10.Be3 f5 11.f3 f4 12.Bf2 g5 13.c5 h5 14.a4 Rf7 15.a5 a6 16.Nd3 Bf8
17.cxd6 Qxd6 18.Qa4 Bd7 19.Qb3 Bc8 20.Nc5 g4 21.Ne6 Ng7 22.Bc5 Nxe6 23.Bxd6 Nd4
24.Qc4 cxd6 25.Bd3 Ng6 26.Ne2 Nb5 27.Qb4 Bd7 28.Nc3 gxf3 29.Nxb5 fxg2 30.Rf2 axb5
31.Bxb5 Bxb5 32.Rxg2 Kh7 33.Qxb5 f3 34.Rf2 Bh6 35.Rxf3 Bf4 36.Kh1 Rc7 37.Rh3 Kh6
38.Rg1 Rac8 39.Qe2 h4 40.Qg4  1-0

[Event "Geneve op"]
[Site "Geneve"]
[Date "1994.??.??"]
[Round "6"]
[White "Ikonnikov, Vyacheslav"]
[Black "Gallagher, Joseph G"]
[Result "1-0"]
[WhiteElo "2515"]
[BlackElo "2485"]

1.d4 Nf6 2.Nf3 g6 3.c4 Bg7 4.Nc3 O-O 5.e4 d6 6.Be2 e5 7.O-O Nc6 8.d5 Ne7
9.Ne1 Ne8 10.Be3 f5 11.f3 f4 12.Bf2 h5 13.c5 g5 14.a4 Kh8 15.a5 dxc5 16.Bxc5 Nd6
17.a6 bxa6 18.Bxa6 Bd7 19.Nd3 g4 20.Kh1 Ng6 21.Bg1 Nh4 22.Nc5 Qg5 23.Nxd7 gxf3
24.g3 fxg3 25.hxg3 Qxg3 26.Rf2 Rf4 27.Rh2 Qg4 28.Bf2 Ng2 29.Nc5 Bf6 30.Bd3 Bh4
31.Bxh4 Nxh4 32.Ne6 Rf6 33.Qg1 Qg2+ 34.Rxg2 fxg2+ 35.Kh2 Nf3+ 36.Kxg2 Nxg1
37.Rxg1 Rb8 38.Nd1 Rb3 39.Nc5 Rb8 40.Kh2 Rg8 41.Rxg8+ Kxg8 42.Kg3 Rg6+ 43.Kh4 Rg1
44.Ne3 Rh1+ 45.Kg3 h4+ 46.Kg2 Re1 47.Ng4 Nf7 48.b3 Rc1 49.Bc4 Rc3 50.Nd3 Kg7
51.Ngxe5 Ng5 52.Nf4 Nxe4 53.Ne2 Rc2 54.Kh3 Nc5 55.Nd4 Rc3+ 56.Kxh4 a5 57.Kg5 a4
58.Ne6+ Nxe6+ 59.dxe6 Kf8 60.Kf6 Ke8  1-0

[Event "Sas van Gent"]
[Site "Gent"]
[Date "1994.??.??"]
[Round "4"]
[White "Van Laatum, Gozewijn"]
[Black "Pirisi, Gabor"]
[Result "0-1"]
[WhiteElo "2410"]
[BlackElo "2400"]

1.d4 g6 2.c4 Bg7 3.e4 d6 4.Nc3 Nf6 5.Nf3 O-O 6.Be2 e5 7.O-O Nc6 8.d5 Ne7
9.Nd2 a5 10.Rb1 Bd7 11.b3 Ne8 12.a3 f5 13.b4 axb4 14.axb4 b6 15.Nb3 Kh8 16.Bd2 Ng8
17.exf5 Bxf5 18.Ra1 Rxa1 19.Qxa1 Ngf6 20.Bg5 h6 21.Be3 g5 22.Qc1 Qd7 23.f3 Bh7
24.Qd1 Nh5 25.g3 Qh3 26.Rf2 Nef6 27.Nd2 Nf4 28.Bf1 Qh5 29.Nb3 Nh3+ 30.Bxh3 Qxh3
31.Qe2 Qf5 32.Kg2 Qd3 33.Qxd3 Bxd3 34.Nd2 Ra8 35.h4 gxh4 36.g4 Ra1 37.g5 hxg5
38.Bxg5 Rc1 39.Nde4 Nxe4  0-1

[Event "Oberliga SuedW 9394"]
[Site "GER"]
[Date "1994.??.??"]
[Round "?"]
[White "Chuchelov, Vladimir"]
[Black "Ragozin, Evgeni"]
[Result "1/2-1/2"]
[WhiteElo "2500"]
[BlackElo "2510"]

1.d4 Nf6 2.Nf3 g6 3.c4 Bg7 4.Nc3 O-O 5.e4 d6 6.Be2 e5 7.O-O Nc6 8.d5 Ne7
9.Nd2 a5 10.a3 Nd7 11.Rb1 f5 12.b4 Kh8 13.f3 Ng8 14.Qc2 Ngf6 15.Bd3 f4 16.Be2 Rg8
17.Nb5 b6 18.Bb2 Ne8 19.c5 bxc5 20.Nb3 a4 21.Na5 Nb8 22.Qxa4 Bf6 23.Qc2 h5
24.Bc3 cxb4 25.axb4 g5 26.Ra1 Qd7 27.Nc6 Rxa1 28.Bxa1 Nxc6 29.dxc6 Qf7 30.Bc4 Be6
31.Bxe6 Qxe6 32.Qd3 g4 33.Kh1 h4 34.Nc3 Bd8 35.Nd5 Ng7 36.b5 Qf7 37.Bc3 Ne6
38.Qe2 Qg6  1/2-1/2

[Event "Hessenliga"]
[Site "Germany"]
[Date "1994.??.??"]
[Round "?"]
[White "Mueller, Achim"]
[Black "Weber, Ulrich"]
[Result "0-1"]
[WhiteElo "2240"]
[BlackElo "2305"]

1.Nf3 Nf6 2.c4 g6 3.Nc3 Bg7 4.d4 d6 5.e4 O-O 6.Be2 e5 7.O-O Nc6 8.d5 Ne7
9.Ne1 Nd7 10.Be3 f5 11.f3 f4 12.Bf2 g5 13.b4 Ng6 14.c5 Nf6 15.cxd6 cxd6 16.Rc1 Rf7
17.a4 h5 18.a5 g4 19.Kh1 g3 20.Bg1 gxh2 21.Bf2 h4 22.Kxh2 Nh5 23.Nb5 Ng3
24.Nxa7 Bd7 25.Rh1 h3 26.gxh3 Qh4 27.Kg2 Rxa7 28.Bxa7 Nxh1 29.Kxh1 Qxh3+
30.Kg1 Qg3+ 31.Ng2 Nh4 32.Qf1 Bh3 33.Bf2 Bxg2 34.Qe1 Nxf3+ 35.Bxf3 Qxf3 36.Rc3 Qxe4
37.Qd1 f3  0-1

[Event "BL2-N9394"]
[Site "Germany"]
[Date "1994.??.??"]
[Round "?"]
[White "Bachmann, Andreas"]
[Black "Kapischka, Jens"]
[Result "1/2-1/2"]
[WhiteElo "2275"]
[BlackElo "2290"]

1.d4 Nf6 2.c4 g6 3.Nc3 Bg7 4.e4 d6 5.Nf3 O-O 6.Be2 e5 7.O-O Nc6 8.d5 Ne7
9.Ne1 Nd7 10.Be3 f5 11.f3 f4 12.Bf2 Nf6 13.c5 g5 14.a4 Ne8 15.cxd6 cxd6 16.a5 Rf6
17.Nb5 a6 18.Bb6 Qd7 19.Na7 Rg6 20.Nd3 h5 21.Nf2 Nf6 22.h3 Qe8 23.Nxc8 Nxc8
24.Rc1 Nxb6 25.axb6 Bf8 26.Rc7 Rg7 27.Qc2 Rxc7 28.Qxc7 Qd7 29.Rc1 Qxc7 30.Rxc7 Rb8
31.Nd3 Ne8 32.Rd7 Nf6 33.Rc7  1/2-1/2

[Event "BL2-N9394"]
[Site "Germany"]
[Date "1994.??.??"]
[Round "?"]
[White "Borik, Otto"]
[Black "Thiede, Lars"]
[Result "1-0"]
[WhiteElo "2415"]
[BlackElo "2280"]

1.d4 Nf6 2.Nf3 g6 3.c4 Bg7 4.Nc3 O-O 5.e4 d6 6.Be2 e5 7.O-O Nc6 8.d5 Ne7
9.Ne1 Nd7 10.Be3 f5 11.f3 f4 12.Bf2 g5 13.a4 Nf6 14.a5 h5 15.a6 b6 16.Nc2 g4
17.Nb4 Bh6 18.Kh1 Kh8 19.Bh4 g3 20.hxg3 fxg3 21.Bxg3 Rg8 22.Bh2 h4 23.f4 exf4
24.Bxf4 Bxf4 25.Rxf4 Ng6 26.Nc6 Qf8 27.Rf2 Qg7 28.Qd4 Nh7 29.Qxg7+ Rxg7 30.Nb5 Ng5
31.Bd3 h3 32.g3 Bg4 33.Raf1 Ne5 34.Nxe5 dxe5 35.Rf8+ Rxf8 36.Rxf8+ Kh7 37.Nxa7 Bf3+
38.Kh2 Bg2 39.Nc6 Rg8 40.Rf5 Nf3+ 41.Rxf3 Bxf3 42.Nxe5 Bg2 43.a7 Kg7 44.Nc6 Ra8
45.e5 Bf3 46.Bf5 Bh5 47.d6 cxd6 48.exd6 Bf3 49.Nd4 Bb7 50.d7 Kf6 51.Ne6 Kxf5
52.d8=Q Rxd8 53.Nxd8 Ba8 54.b4 Kf6 55.b5 Ke7 56.Nc6+ Kd6 57.g4  1-0